| 000 -LEADER |
| fixed length control field |
00701nam a2200217 4500 |
| 001 - CONTROL NUMBER |
| control field |
14312 |
| 003 - CONTROL NUMBER IDENTIFIER |
| control field |
BD-DhUAP |
| 005 - DATE AND TIME OF LATEST TRANSACTION |
| control field |
20210119134715.0 |
| 008 - FIXED-LENGTH DATA ELEMENTS--GENERAL INFORMATION |
| fixed length control field |
200203r19851912ii ||||| |||| 001 0 eng d |
| 040 ## - CATALOGING SOURCE |
| Original cataloging agency |
BD-DhUAP |
| Language of cataloging |
Eng |
| Transcribing agency |
BD-DhUAP |
| Modifying agency |
BD-DhUAP |
| 082 ## - DEWEY DECIMAL CLASSIFICATION NUMBER |
| Edition number |
23 |
| Classification number |
340.59 ALI |
| 100 ## - MAIN ENTRY--PERSONAL NAME |
| Personal name |
Ali, Syed Ameer. |
| 245 ## - TITLE STATEMENT |
| Title |
Mahommedan law : |
| Remainder of title |
compiled from authorities in the original Arabic / |
| Statement of responsibility, etc. |
Syed Ameer Ali. |
| 250 ## - EDITION STATEMENT |
| Edition statement |
4th ed. |
| 260 ## - PUBLICATION, DISTRIBUTION, ETC. |
| Place of publication, distribution, etc. |
Calcutta : |
| Name of publisher, distributor, etc. |
Premier Book House, |
| Date of publication, distribution, etc. |
c1912 [Reprinted 1985]. |
| 300 ## - PHYSICAL DESCRIPTION |
| Extent |
volumes ; |
| Dimensions |
24 cm. |
| 500 ## - GENERAL NOTE |
| General note |
Includes index. |
| 505 ## - FORMATTED CONTENTS NOTE |
| Formatted contents note |
V. 1-The law relating to gifts, wakfs, wills, pre-emption, and bailment. |
| 650 ## - SUBJECT ADDED ENTRY--TOPICAL TERM |
| Topical term or geographic name entry element |
Islamic law. |
| 942 ## - ADDED ENTRY ELEMENTS (KOHA) |
| Source of classification or shelving scheme |
|
| Koha item type |
Book |